00000000nam##2200000za#4500
0019.601504
003CaOODSP
00520210624210114
007cr |||||||||||
008150406|2008||||xxc|||||o    f|0| 0 fre|d
022 |a1919-5117
040 |aCaOODSP|bfre
043 |an-cn---
0861 |aFs70-6/2008-048F-PDF
1101 |aCanada. |bMinistère des pêches et des océans. |bRégion du Québec.
24510|aÉvaluation de l'oursin vert de la côte-nord de l'estuaire du Saint-Laurent en 2008 |h[ressource électronique]
2463 |aRégion du Québec : oursin vert de la Côte-Nord de l'estuaire du Saint-Laurent en 2008
260 |aMont-Joli - Québec : |bPêches et Océans Canada. |cDécembre 2008.
300 |a14p.|bcartes en couleur, graphiques, ill., références, tableau
4901 |aSecrétariat canadien de consultation scientifique, avis scientifique |x1919-5117|v2008/048, Région du Québec
590 |a11-21-Supp|b2011-09-30
77508|tAssessment of green sea urchin of the north shore of the St. Lawrence Estuary in 2008 |w(CaOODSP)9.570860
830#0|aAvis scientifique (Secrétariat canadien de consultation scientifique)|x1919-5117|v2008/048, Région du Québec|w(CaOODSP)9.502624
85640|ahttp://publications.gc.ca|qPDF|s245 Ko|uhttps://publications.gc.ca/collections/collection_2011/mpo-dfo/Fs70-6-2008-048-fra.pdf|y2008/048, Région du Québec